Industrialization in nineteenth-century Europe/ (Record no. 20069)

000 -LEADER
fixed length control field 00457nam a22001811a 4500
020 ## - INTERNATIONAL STANDARD BOOK NUMBER
ISBN 9780582493841
082 ## - DEWEY DECIMAL CLASSIFICATION NUMBER
Classification number 338.094
Item number TOM/I
100 ## - MAIN ENTRY--AUTHOR NAME
Personal name Tom Kemp
245 ## - TITLE STATEMENT
Title Industrialization in nineteenth-century Europe/
Statement of responsibility, etc by Tom Kemp
250 ## - EDITION STATEMENT
Edition statement 2nd
260 ## - PUBLICATION, DISTRIBUTION, ETC. (IMPRINT)
Place of publication London:
Name of publisher Longman,
Year of publication 1999.
300 ## - PHYSICAL DESCRIPTION
Number of Pages 220p.
650 ## - SUBJECT ADDED ENTRY--TOPICAL TERM
Topical Term Economics
650 ## - SUBJECT ADDED ENTRY--TOPICAL TERM
Topical Term Industries Europe History
650 ## - SUBJECT ADDED ENTRY--TOPICAL TERM
Topical Term Production Economics
650 ## - SUBJECT ADDED ENTRY--TOPICAL TERM
Topical Term Social Sciences
942 ## - ADDED ENTRY ELEMENTS (KOHA)
Koha item type Book
Holdings
Withdrawn status Lost status Damaged status Not for loan Permanent Location Current Location Date acquired Cost, normal purchase price Full call number Accession Number Cost, replacement price Price effective from Koha item type
        Sree Sankaracharya University of Sanskrit Sree Sankaracharya University of Sanskrit 08.01.2015 1340.72 338.094 TOM/I 034917 0.00 08.01.2015 Book